[Event "Wch U14 Girls"]
[Site "Mamaia"]
[Date "2022.09.15"]
[Round "10"]
[White "Ananth, Ananya"]
[Black "Wen, Kally"]
[Result "0-1"]
[WhiteElo "1571"]
[BlackElo "1597"]
[PlyCount "82"]
[EventDate "2022.09.06"]
[EventType "swiss"]
[EventRounds "11"]
[EventCountry "ROU"]
[SourceTitle "CBM 210 Extra"]
[Source "ChessBase"]
[SourceDate "2022.11.30"]
[SourceVersion "1"]
[SourceVersionDate "2022.11.30"]
[SourceQuality "1"]

1. d4 Nf6 2. c4 e6 3. Nc3 Bb4 4. Nf3 0-0 5. e3 d6 6. Bd3 Re8 7. 0-0 Bxc3 8. bxc3 Qe7 9. h3 e5 10. Nd2 b6 11. Ne4 Nbd7 12. Qf3 Rb8 13. a4 a5 14. c5 bxc5 15. dxc5 d5 16. Nxf6+ Nxf6 17. Bb5 Rd8 18. Ba3 Ne4 19. c6 Qg5 20. Rfc1 Nd2 21. Qd1 Bxh3 22. g3 Ne4 23. Bf1 Bxf1 24. Qxf1 Nd2 25. Qa6 Nb3 26. Qa7 Nxc1 27. Bxc1 Qg6 28. Qxc7 Rdc8 29. Qxa5 Qxc6 30. Bd2 Rb2 31. Be1 Ra8 32. Qxa8+ Qxa8 33. a5 Rb5 34. a6 Rb6 35. a7 Rb7 36. c4 dxc4 37. Bc3 Rxa7 38. Rd1 f6 39. Kh2 Ra3 40. Bb2 Ra2 41. Rd2 Qb7 0-1